000 00730nam a2200217Ii 4500
003 JO-AjNU
008 230605s9999||||xx |||||||||||||| ||und||
017 _a2001/2274
020 _a977-287-169-6
040 _aJO-AjNU
_bara
_erda
_cJO-AjNU
041 _aara
050 1 4 _aTA658.44.W34 2001
100 3 _aواكد، خليل ابراهيم,
_eauthor
_99768
245 0 0 _aتصميم المنشات الخرسانية لمقاومة الرياح والزلازل
264 3 1 _aالقاهرة:دار الكتب العلمية ، 2001
300 _a269ص
336 _atext
_btxt
_2rdacontent
337 _aunmediated
_bn
_2rdamedia
338 _avolume
_bnc
_2rdacarrier
650 4 _aالزلازل-حرائق-مقاومة
_99769
999 _aA1468
_c5036
_d5036